00000000nam##2200000za#4500
0019.696838
003CaOODSP
00520250319163014
007cr |||||||||||
008150407|1998||||xxc|||||o    f|0| 0 eng|d
040 |aCaOODSP|beng
043 |an-cn---
0861 |aH39-423/3-1998E-PDF
1101 |aCanada. |bHealth Canada.
24510|aCommunity action resources for Inuit, Métis and First Nations : |h[electronic resource]|bfinding resources
260 |aOttawa - Ontario : |bHealth Canada |c[1998].
300 |a94p.|bcoloured illus., figs. (some coloured), tables
5203 |a"With this section, you will learn tips and ways of doing things so you feel more comfortable when you look for resources, whether they be money or volunteers. The training will also focus on responding to the needs of volunteers."--Page 14.
590 |a12-43-Supp|b2012-12-07
69007|aIndigenous peoples|2gcpds
69007|aCommunity development|2gcpds
69007|aInuit|2gcpds
69007|aMétis|2gcpds
77508|tRessources d'action communautaire pour les Inuit, les Métis et les Premières Nations : |w(CaOODSP)9.640929
85640|ahttp://publications.gc.ca|qPDF|s819 KB|uhttps://publications.gc.ca/collections/Collection/H39-423-3-1998E.pdf